000 00351nam a22001457a 4500
020 _a978-81-265-2876-9
082 _a670.427
100 _aAsfahl. Ray C.
245 _aRobots and Manufacturing Automation /
250 _a 2nd ed.
260 _aNew Delhi :
_bJohn Wiley ,
_c2011.
300 _a487 p. ;
_b23 cm.
500 _aPaperback.
942 _cBK
999 _c34074
_d34074